Great sermons by great preachers. (Record no. 12022)

000 -LEADER
fixed length control field 00813nam a2200277 a 4500
001 - CONTROL NUMBER
control field :::00009824$&:&@@
003 - CONTROL NUMBER IDENTIFIER
control field OkBaRHE
005 - DATE AND TIME OF LATEST TRANSACTION
control field 20000607103353.0
008 - FIXED-LENGTH DATA ELEMENTS--GENERAL INFORMATION
fixed length control field s1960 j 000 0 eng u
040 ## - CATALOGING SOURCE
Transcribing agency
100 1# - MAIN ENTRY--PERSONAL NAME
Personal name Gunther, Peter F.
245 10 - TITLE STATEMENT
Title Great sermons by great preachers.
260 ## - PUBLICATION, DISTRIBUTION, ETC. (IMPRINT)
Place of publication, distribution, etc Chicago, IL., :
Name of publisher, distributor, etc Moody Press
Date of publication, distribution, etc 1960
300 ## - PHYSICAL DESCRIPTION
Extent 159 p.
650 ## - SUBJECT ADDED ENTRY--TOPICAL TERM
Topical term or geographic name as entry element Sermons
General subdivision American
700 ## - ADDED ENTRY--PERSONAL NAME
Personal name Edwards, Jonathan.
700 ## - ADDED ENTRY--PERSONAL NAME
Personal name Finney, Charles Grandison.
700 ## - ADDED ENTRY--PERSONAL NAME
Personal name Graham, Billy.
700 ## - ADDED ENTRY--PERSONAL NAME
Personal name Moody, Dwight Lyman.
700 ## - ADDED ENTRY--PERSONAL NAME
Personal name Moule, Handley C. G.
700 ## - ADDED ENTRY--PERSONAL NAME
Personal name Spurgeon, Charles Haddon.
700 ## - ADDED ENTRY--PERSONAL NAME
Personal name Wesley, John.
700 ## - ADDED ENTRY--PERSONAL NAME
Personal name Whitefield, George.
942 ## - ADDED ENTRY ELEMENTS (KOHA)
Source of classification or shelving scheme
Koha item type Books
Copies
Date last seen Permanent Location Full call number Not for loan Damaged status Date acquired Koha item type Lost status Source of classification or shelving scheme Barcode Price effective from Withdrawn status Copy number Shelving location
2010-04-14RHEMA Bible Training CollegeBV 4241 .G8  2010-04-14Books  98242010-04-14 1General Stacks